000
00289nam a2200121Ia 4500
005
20251222154359.0
008
251222s9999||||xx |||||||||||||| ||spa||
082
_a
867/P11
100
_a
( Pablo San José ) "Pablo"
245
0
_a
La Burocracia Tenebrosa
264
_b
Planeta
942
_c
LIB
999
_c
35199
_d
35199